Cristianesimo nella storia: ricerche storiche, esegetiche, teologiche ; rivista semestrale a cura dell'Istituto per le Scienze Religiose con il patrocinio dell'Università degli Studi di Bologna
| Corporate Author: | |
|---|---|
| Format: | Electronic Journal |
| Language: | Italian |
| Subito Delivery Service: | Order now. |
| Check availability: | HBZ Gateway |
| WorldCat: | WorldCat |
| Interlibrary Loan: | Für eine Fernleihe wählen Sie bitte zuerst einen Band oder Aufsatz aus. |
| Published: |
Bologna
Il Mulino
[2015?]-
|
| In: | Year: 2015 |
| Further subjects: | B
Journal
|
| Online Access: |
Volltext (Frontdoor-Url) Volltext (Publisher) Volltext (Publisher) |
| Parallel Edition: | Non-electronic
|
MARC
| LEADER | 00000cas a2200000 c 4500 | ||
|---|---|---|---|
| 001 | 168890204X | ||
| 003 | DE-627 | ||
| 005 | 20250130142956.0 | ||
| 007 | cr ||||||||||| | ||
| 008 | 200130c20159999it z| p|o 0 |0ita c | ||
| 016 | 7 | |a 1203804512 |2 DE-101 | |
| 016 | 7 | |a 3006845-9 |2 DE-600 | |
| 022 | |a 2612-2227 | ||
| 035 | |a (DE-627)168890204X | ||
| 035 | |a (DE-599)ZDB3006845-9 | ||
| 035 | |a (OCoLC)1366487325 | ||
| 040 | |a DE-627 |b ger |c DE-627 |e rda | ||
| 041 | |a ita | ||
| 044 | |c XA-IT | ||
| 082 | 0 | 4 | |a 230 |q DE-600 |
| 084 | |a 1 |2 ssgn | ||
| 084 | |a 11.50 |2 bkl | ||
| 210 | 1 | 0 | |a CrSt |
| 245 | 0 | 0 | |a Cristianesimo nella storia |b ricerche storiche, esegetiche, teologiche ; rivista semestrale a cura dell'Istituto per le Scienze Religiose con il patrocinio dell'Università degli Studi di Bologna |
| 264 | 3 | 1 | |a Bologna |b Il Mulino |c [2015?]- |
| 300 | |a Online-Ressource | ||
| 336 | |a Text |b txt |2 rdacontent | ||
| 337 | |a Computermedien |b c |2 rdamedia | ||
| 338 | |a Online-Ressource |b cr |2 rdacarrier | ||
| 362 | 0 | |a 2015, 1 [?]- | |
| 363 | 0 | 1 | |b 1 |i 2015 |
| 500 | |a Gesehen am 05.11.2021 | ||
| 655 | 7 | |a Zeitschrift |0 (DE-588)4067488-5 |0 (DE-627)10454466X |0 (DE-576)20917000X |2 gnd-content | |
| 710 | 2 | |e Herausgebendes Organ |0 (DE-588)1005578-2 |0 (DE-627)103061576 |0 (DE-576)19116268X |4 isb |a Istituto per le Scienze Religiose |g Bologna | |
| 776 | 1 | |x 0393-3598 | |
| 776 | 0 | 8 | |i Erscheint auch als |n Druck-Ausgabe |t Cristianesimo nella storia |d Bologna : Il Mulino, 1980 |w (DE-627)129899291 |w (DE-600)309702-X |w (DE-576)015259757 |x 0393-3598 |k Non-Electronic |
| 856 | 4 | 0 | |u https://www.mulino.it/riviste/issn/0393-3598 |x Verlag |7 1 |
| 856 | 4 | 0 | |u https://www.rivisteweb.it/issn/0393-3598 |x Verlag |7 1 |
| 856 | 4 | 0 | |u https://ezb.ur.de/?3006845-9 |x Frontdoor-Url |7 1 |
| 936 | b | k | |a 11.50 |j Kirchengeschichte |j Dogmengeschichte |q SEPA |0 (DE-627)106403877 |
| 951 | |a JT | ||
| BIB | |a 1 | ||
| CAN | |a 1 |c 1 | ||
| ELC | |a 1 | ||
| ORI | |a SA-MARC-ixtheo_oa001.raw | ||
| REL | |a 1 | ||
| SPR | |b 1 | ||
| SUB | |a BIB |a REL | ||



